The collective silence : German identity and the legacy of shame

Αποθηκεύτηκε σε:
Λεπτομέρειες βιβλιογραφικής εγγραφής
Άλλοι συγγραφείς: Heimannsberg, Barbara (Επιμελητής έκδοσης), Schmidt, Christoph J. (Επιμελητής έκδοσης)
Μορφή: Βιβλίο
Γλώσσα:English
Δημοσίευση: San Francisco : Jossey-Bass Publishers, c1993
Σειρά:Jossey-Bass social and behavioral science series
Θέματα:
Ετικέτες: Προσθήκη ετικέτας
Δεν υπάρχουν, Καταχωρήστε ετικέτα πρώτοι!

MARC

LEADER 00000nam a2200000 i 4500
001 1/18199
008 981015s1993 eng d
020 |a 1-55542-556-9 
035 |l 10020829 
040 |a GR-MY-UA  |b gre  |e aacr 
041 0 |a eng 
082 0 |a 155.8943 
245 1 4 |a The collective silence :  |b German identity and the legacy of shame /  |c Edited by Barbara Heimannsberg and Christoph J. Schmidt ; Translated by Cynthia Oudejans Harris ans Gordon Wheeler 
260 |a San Francisco :   |b Jossey-Bass Publishers,   |c c1993 
300 |a 254 p. 
490 1 |a Jossey-Bass social and behavioral science series 
504 |a Includes bibliographical references and index 
650 0 0 |a National socialism  |x Psychological aspects. 
650 0 0 |a Children  |z Germany  |x History  |y 20th century. 
650 0 0 |a Children  |z Germany  |x Psychology. 
700 1 |a Heimannsberg, Barbara.  |4 edt 
700 1 |a Schmidt, Christoph J.  |4 edt 
830 0 |a Jossey-Bass social and behavioral science series 
852 |a INST  |b LESVOS  |e 19981015  |h 155.8943 COL  |p 005100018699  |q 005100018699  |t BK  |y 0 
901 |a BIBL-1998-3 
909 |a Λ  |b 059416 
922 |a 1ΕΛΗ  |b 199809  |c ΚΠΣ/ΤΚΑ  |d ΠΑΠΑΣΩΤΗΡΙΟΥ 
950 |a 117-1998-07-11